Music Quiz

Random Music Quiz

Coldplay Songs Quiz Stats

Quiz not verified by Sporcle

Challenge
Share
Tweet
Embed
Score 0/66 Timer 10:00
0 Plays Today
Song % Correct
Viva la Vida
97.2%
Yellow
93%
Clocks
87.3%
Fix You
87.3%
Parachutes
85.9%
Lost!
83.1%
A Rush of Blood to the Head
81.7%
Mylo Xyloto
80.3%
Shiver
78.9%
The Scientist
78.9%
Violet Hill
77.5%
Paradise
77.5%
Every Teardrop is a Waterfall
77.5%
X&Y
76.1%
Speed of Sound
76.1%
Charlie Brown
76.1%
Life in Technicolor
74.6%
Lovers in Japan/Reign of Love
73.2%
Strawberry Swing
73.2%
Death and All His Friends
73.2%
Lovers in Japan [Osaka Sun Mix]
73.2%
Don't Panic
71.8%
Trouble
70.4%
Green Eyes
70.4%
Spies
69%
Politik
69%
Talk
67.6%
42
67.6%
Hurts Like Heaven
67.6%
Everything's Not Lost
66.2%
In My Place
66.2%
Cemeteries of London
66.2%
God Put a Smile Upon Your Face
64.8%
Song % Correct
Yes
64.8%
Amsterdam
63.4%
Princess of China
63.4%
Sparks
62%
Warning Sign
62%
Square One
60.6%
White Shadows
60.6%
A Message
60.6%
Life in Technicolor II
60.6%
M.M.I.X.
60.6%
We Never Change
59.2%
Swallowed in the Sea
59.2%
Til Kingdom Come
59.2%
Prospekt's March/Poppyfields
59.2%
What If
57.7%
A Whisper
56.3%
Low
56.3%
Major Minus
56.3%
U.F.O.
56.3%
Up With the Birds
56.3%
Us Against the World
54.9%
High Speed
53.5%
Up in Flames
53.5%
A Hopeful Transmission
53.5%
Daylight
52.1%
Twisted Logic
52.1%
Don't Let it Break Your Heart
52.1%
The Hardest Part
50.7%
Glass of Water
50.7%
Rainy Day
45.1%
Lost+
42.3%
Postcards From Far Away
38%
Now My Feet Won't Touch the Ground
36.6%

You're not logged in!

Compare scores with friends on all Sporcle quizzes.
Sign Up with Email
OR
Log In

You Might Also Like...

Show Comments

Extras

Top Quizzes Today


Score Distribution

Your Account Isn't Verified!

In order to create a playlist on Sporcle, you need to verify the email address you used during registration. Go to your Sporcle Settings to finish the process.